| 000 | 00536nam a2200157 a 4500 | ||
|---|---|---|---|
| 001 | 000039722 | ||
| 005 | 20201002033710.0 | ||
| 008 | 130718s2010 mx ab 000 0 spa d | ||
| 020 | _a9786070218026 | ||
| 040 |
_aDO-SdBNP _bspa _cBNPHU |
||
| 082 | _axxx | ||
| 245 | 0 | 0 |
_aPaisajes de río, ríos de paisaje : _bnavegaciones por el Usumacinta / _ccoordinador Mario Humberto Ruz. |
| 260 |
_aMéxico : _bUniversidad Nacional Autónoma de México,UNAM, _c2010. |
||
| 300 |
_a612 p. : _bil.,map. ; _c23 cm. |
||
| 700 | 1 |
_aRuz, Mario Humberto _965914 |
|
| 999 |
_c39212 _d39212 |
||